| 000 | 00000nam##2200000za#4500 |
| 001 | 9.623609 |
| 003 | CaOODSP |
| 005 | 20200706134906 |
| 007 | ta |
| 008 | 150406|1995||||xxc||||| f|0| 0 fre|d |
| 020 | |a0-660-94642-4 |
| 022 | |a1200-5231 |
| 040 | |aCaOODSP|bfre |
| 043 | |an-cn--- |
| 086 | 1 |aCS11-0019/86F |
| 245 | 00|aL'utilisation de la technologie, la formation et les connaissance spécifiques dans les établissements de fabrication / |cpar John R et al. Baldwin et al. |
| 260 | |aOttawa - Ontario : |bStatistique Canada. |c1995. |
| 300 | |a36p. : |bréférences, tableaux ; |c28 cm. |
| 490 | 1 |aDocuments de recherche|x1200-5231|vN° 86 |
| 500 | |a«La présente étude traite des facteurs qui influent sur la décision de l'entreprise de former le personnel à la lumière des données de plusieurs enquêtes récentes de Statistique Canada, qui portaient sur l'utilisation des technologies de pointe dans les entreprises de fabrication canadiennes.»--Résumé. |
| 520 | 3 |aLa présente étude traite des facteurs qui influent sur la décision de l'entreprise de former le personnel à la lumière des données de plusieurs enquêtes récentes de Statistique Canada, qui portaient sur l'utilisation des technologies de pointe dans les entreprises de fabrication canadiennes.--Résumé |
| 563 | |aCouverture souple |
| 590 | |a95-52|b1995-12-29 |
| 691 | 07|aTechnologie|2gcpds |
| 691 | 07|aIndustrie de transformation|2gcpds |
| 710 | 2 |aStatistique Canada. |bDirection des études analytiques. |
| 720 | 1 |aBaldwin, John R. |
| 775 | 08|tTechnology use, training and plant-specific knowledge in manufacturing establishments / |w(CaOODSP)9.612713 |
| 776 | 0#|tL'utilisation de la technologie, la formation et les connaissance spécifiques dans les établissements de fabrication / |w(CaOODSP)9.604324 |
| 830 | #0|aDocuments de recherche,|x1200-5231|vN° 86|w(CaOODSP)9.512877 |